El ascenso del espíritu: balance de una vida y de una obra

Gespeichert in:
Bibliographische Detailangaben
1. Verfasser: Berr, Henri (VerfasserIn)
Format: Buch
Sprache:Spanisch
Veröffentlicht: Ciudad de México UTEHA 1962
Schlagworte:
Tags: Tag hinzufügen
Keine Tags, Fügen Sie den ersten Tag hinzu!

MARC

LEADER 00000nam a2200000 a 4500
001 UCP4616
003 CL-VaPUC
008 990806e19620000MX |||||||||||||||||spa|d
082 0 4 |a 215  |b BER  |2 21 
100 0 |a Berr, Henri  |e author  |9 432181 
245 1 3 |a El ascenso del espíritu: balance de una vida y de una obra 
300 |a 131 p 
942 |c BK 
945 |d 19990806 00:00:00  |a crobeson 
260 |a Ciudad de México  |b UTEHA  |c 1962 
650 0 |a Religión y ciencia  |9 314470 
650 0 |a Misticismo  |9 265505 
650 7 |a CIENTIFICIESMO  |2 CL-VaPUC  |9 432182 
650 0 |a Vida espiritual  |9 307811 
583 |a last modification  |c 19990806 00:00:00  |k Rodrigo Vera 
999 |c 282526  |d 282524 
952 |0 0  |1 0  |4 0  |6 215_000000000000000_BER_1962  |7 0  |8 A  |9 324360  |a BIBHIS  |b BIBHIS  |d 2019-11-20  |i 1354949  |o 215 BER 1962  |p 1354949  |r 2025-01-20  |w 2019-11-20  |y BK  |k HIS 
952 |0 0  |1 0  |2 ddc  |4 0  |6 215_000000000000000_BER_1962  |7 0  |8 P  |9 324361  |a BIBTEO  |b BIBTES  |c TEO_FTES  |d 2019-11-20  |i 444678K  |o 215 BER 1962  |p 444678K  |r 2024-01-18  |w 2019-11-20  |y BK  |k ICR